书目信息 |
| 题名: |
论法国革命
|
|
| 作者: | 费希特 著 ;李理 译 | |
| 分册: | ||
| 出版信息: | 贵阳 贵州人民出版社 2001.10 |
|
| 页数: | 275页 | |
| 开本: | 32开 | |
| 丛书名: | 沉钟译丛 | |
| 单 册: | ||
| 中图分类: | K565.41 | |
| 科图分类: | ||
| 主题词: | 西欧--历史 | |
| 电子资源: | ||
| ISBN: | 7-221-05586-6 | |
| 000 | 00636nam0 2200229 45 | |
| 001 | 0205131612 | |
| 005 | 20031219104055.5 | |
| 010 | @a7-221-05586-6@dCNY19.50 | |
| 100 | @a20020513d2001 km y0chiy0120 ea | |
| 101 | 0 | @achi@cger |
| 105 | @a z 000yy | |
| 200 | 1 | @a论法国革命@ALun Fa Guo Ge Ming@f(德)费希特著@F(De)Fei Xi Te Zhu@g李理译 |
| 210 | @a贵阳@c贵州人民出版社@d2001.10 | |
| 215 | @a275页@d32开 | |
| 225 | @a沉钟译丛 | |
| 410 | @12001 @a沉钟译丛 | |
| 606 | 0 | @a西欧@x历史 |
| 690 | @aK565.41@v4 | |
| 701 | @a费希特@4著 | |
| 702 | 0 | @a李理@ALi Li@4译 |
| 801 | @aCN@bTSTC@c20020513 | |
| 905 | @b310015-019@dK565.41@e18@f5 | |
| 论法国革命/(德)费希特著/李理译.-贵阳:贵州人民出版社,2001.10 |
| 275页;32开.-(沉钟译丛) |
| ISBN 7-221-05586-6:CNY19.50 |
| ● |
| 相关链接 |
|
|
|
|
正题名:论法国革命
索取号:K565.41/18
 
预约/预借
| 序号 | 登录号 | 条形码 | 馆藏地/架位号 | 状态 | 备注 |
| 1 | 0310015 | 203100152 | 第二借阅区/ [索取号:K565.41/18] | 在馆 | |
| 2 | 0310016 | 203100161 | 第二借阅区/ [索取号:K565.41/18] | 在馆 | |
| 3 | 0310017 | 203100170 | 第二借阅区/ [索取号:K565.41/18] | 在馆 | |
| 4 | 0310018 | 203100189 | 第二借阅区/ [索取号:K565.41/18] | 在馆 | |
| 5 | 0310019 | 203100198 | 第二样本阅览室/ [索取号:K565.41/18] | 在馆 |